000 00631nam a2200241Ia 4500
003 OSt
005 20220918203447.0
006 a|||||r|||| 00| 0
007 ta
008 220917b |||||||| |||| 00| 0 eng d
024 _a108,403
037 _cTextual
040 _aARTS
_cARTS
_beng
041 _2eng
_aeng
082 _aV4.N7, L8
100 _aJackson Robert
_914685
245 0 _aSouth Asian crisis
_b India, Pakistan, Bangladesh
260 _aNew Delhi
_bVikas
_c1978
300 _a240p. map
_ccm.
650 _aHISTORY
942 _hV4.N7, L8
_cTEXL
_2CC
999 _c231757
_d231757